| 000 | 00000nam##2200000za#4500 |
| 001 | 9.662250 |
| 003 | CaOODSP |
| 005 | 20210615120444 |
| 007 | ta |
| 008 | 150407|2000||||xxc||||| f|0| 0 fre|d |
| 020 | |a0-662-65290-8 |
| 040 | |aCaOODSP|bfre |
| 041 | |aeng |
| 041 | |afre |
| 043 | |an-cn--- |
| 086 | 1 |aBT43-103/2000 |
| 110 | 1 |aCanada.|bConseil du trésor.|bDirection des ressources humaines. |
| 245 | 10|aVotre régime de pensions |
| 260 | |aOttawa - Ontario : |bSecrétariat du Conseil du Trésor du Canada. |c2000. |
| 300 | |aTexte français, 47p. ; |c28 cm. |
| 520 | 3 |aCette brochure explique de façon factuelle et concise les principales modalités de la Loi sur la pension de la fonction publique, c'est-à-dire le régime de pension des employés de la Commission de la fonction publique. En lisant attentivement cette brochure, les fonctionnaires pourront prendre les décisions les plus profitables possibles en se renseignant sur les divers choix qui leur sont offerts en vertu du régime de pension. Les lecteurs se rendront rapidement compte qu'il leur incombe, à eux seuls, de prendre ce genre de décisions; par conséquent, Votre régime de pensions fournit les renseignements à jour dont ils ont besoin. |
| 546 | |aBilingue |
| 563 | |aCouverture souple |
| 590 | |a01-04|b2001-01-26 |
| 691 | 07|aPension|2gcpds |
| 691 | 07|aFonction publique|2gcpds |
| 776 | 0#|tVotre régime de pensions |w(CaOODSP)9.638916 |
| 776 | 0#|tYour pension plan |w(CaOODSP)9.694743 |
| 791 | |tYour pension plan |eeng|w(CaOODSP)9.662249 |